Mô đun MN1 -D Xây dựng trường mầm non lấy trẻ làm trung tâm Dành cho giáo viên
Guardat en:
| Format: | Llibre |
|---|---|
| Publicat: |
HÀ Nội
2013
|
| Etiquetes: |
Afegir etiqueta
Sense etiquetes, Sigues el primer a etiquetar aquest registre!
|
| Thư viện lưu trữ: | Trung tâm Học liệu Lê Vũ Hùng, Trường Đại học Đồng Tháp |
|---|
| LEADER | 00617pam a22002058a 4500 | ||
|---|---|---|---|
| 001 | 00039814 | ||
| 005 | 20171026081025.0 | ||
| 008 | 170521s2013 ||||||Viesd | ||
| 041 | 0 | # | |a Vie |
| 082 | 1 | 4 | |a 372.21 |b M450Đ |
| 245 | 1 | 0 | |a Mô đun MN1 -D Xây dựng trường mầm non lấy trẻ làm trung tâm |b Dành cho giáo viên |
| 260 | # | # | |a HÀ Nội |c 2013 |
| 300 | # | # | |a 51tr. |c 27 cm |
| 852 | # | # | |b Kho đọc |j KD.1002663 |
| 852 | # | # | |j KD.0025794 |
| 910 | |d 21/05/2017 | ||
| 980 | # | # | |a Trung tâm Học liệu Lê Vũ Hùng, Trường Đại học Đồng Tháp |